000 00669nam a2200193Ii 4500
003 JO-AjNU
008 230605s9999||||xx |||||||||||||| ||und||
040 _aJO-AjNU
_bara
_erda
_cJO-AjNU
041 _aara
050 1 4 _aTK7817. D4488 1991
100 3 _aالدغلي ، محمد عبدالرحمن ، 1991,
_eauthor
_97316
245 0 0 _aالمبسط للمبادئ التقنية للمهن الهندسبة ج1 قسم الكهرباء
264 3 1 _aدمشق: دار قتيبة ، 1991
300 _a306ص
336 _atext
_btxt
_2rdacontent
337 _aunmediated
_bn
_2rdamedia
338 _avolume
_bnc
_2rdacarrier
650 4 _aقسم الالكترون
_97317
999 _aA218
_c3786
_d3786